Loading...

നമ്മുടെ നാടന്‍ കലകള്‍ /

Bibliographic Details
Main Author: കൊയ്യാല്‍, ബാലകൃഷ്ണന്‍
Other Authors: Koyyal,Blakrishnan
Format: Printed Book
Language:English
Published: കണ്ണൂര്‍ : കേരള ഫോക്ലോര്‍ അക്കാദമി, 2012.
Edition:1st ed.
Subjects:
LEADER 01479nam a22002417a 4500
008 130730b xxu||||| |||| 00| 0 eng d
999 |c 2196  |d 2196 
082 |a 793.31095483  |b KOY 
100 |a കൊയ്യാല്‍, ബാലകൃഷ്ണന്‍ 
240 |a Nammude nadan kalakal 
245 |a നമ്മുടെ നാടന്‍ കലകള്‍ /  |c ബാലകൃഷ്ണന്‍ കൊയ്യാല്‍ 
250 |a 1st ed. 
260 |a കണ്ണൂര്‍ :  |c 2012.  |b കേരള ഫോക്ലോര്‍ അക്കാദമി, 
300 |a 292p. 
600 |a Koyyal, Balakrishnan 
650 |a Folklore 
650 |a Folk art 
700 |a Koyyal,Blakrishnan 
942 |2 ddc  |c BK 
952 |0 0  |1 0  |2 ddc  |4 0  |6 793_310954830000000_KOY  |7 0  |9 2545  |a MAIN  |b MAIN  |d 2013-07-30  |e Kerala Folklore Academy  |g 250.00  |l 32  |m 1  |o 793.31095483 KOY  |p 2516  |r 2020-03-18  |s 2020-03-11  |t 1  |w 2013-07-30  |y BK 
952 |0 0  |1 0  |2 ddc  |4 0  |6 793_310954830000000_KOY  |7 0  |9 2546  |a MAIN  |b MAIN  |d 2013-07-30  |e Kerala Folklore Academy  |g 250.00  |l 27  |m 2  |o 793.31095483 KOY  |p 2517  |r 2020-03-16  |s 2020-02-07  |t 2  |w 2013-07-30  |y BK 
952 |0 0  |1 0  |2 ddc  |4 0  |6 793_310954830000000_KOY  |7 0  |9 2547  |a MAIN  |b MAIN  |d 2013-07-30  |e Kerala Folklore Academy  |g 250.00  |l 28  |m 2  |o 793.31095483 KOY  |p 2518  |r 2020-03-16  |s 2020-03-13  |t 3  |w 2013-07-30  |y BK 
952 |0 0  |1 0  |2 ddc  |4 0  |6 793_310954830000000_KOY  |7 0  |9 18573  |a MAIN  |b MAIN  |d 2015-11-17  |e Folklore Acadami  |g 250.00  |l 13  |m 2  |o 793.31095483 KOY  |p 17780  |r 2019-09-04  |s 2019-09-03  |t 4  |w 2015-11-17  |y BK